000 00291nam a22001337a 4500
008 170922b xxu||||| |||| 00| 0 eng d
020 _a9780021810109
041 _aeng
080 _a37
100 _a46
101 _aWSU
245 _aSPOTLIGH ON LITERACY
_cNACGRHILL
942 _2udc
_cBK
999 _c29188
_d29188